000 00597cam a22002053a 4500
001 45636
003 PGUSA
005 20140828084045.0
008 140512s2014||||xxu|||||s|||||000 | eng d
040 _aPGUSA
_beng
042 _adc
100 1 _aOppenheim, E. Phillips
_q(Edward Phillips),
_d1866-1946
245 1 0 _aStolen Idols
_h[electronic resource] /
_cE. Phillips Oppenheim
260 _bProject Gutenberg,
_c2014
506 _aPublic domain in the USA.
516 _aElectronic text
830 0 _aProject Gutenberg
_v45636
856 4 0 _uhttp://www.gutenberg.org/ebooks/45636
942 _cEB
999 _c274886
_d274886